| 000 | 00573cam a22001217a 4500 | ||
|---|---|---|---|
| 008 | 180718b1976 xxu||||| |||| 00| 0 eng d | ||
| 082 | _aX24x54 In2 | ||
| 245 |
_aReport of the expert panel constituted by the minister of state for works and housing for evolving guidelines for reduction in the cost of building _cby National Buildings Organisationgs , Ministry of works & housing |
||
| 260 |
_aNew Delhi _bGovernment of India Press _c1976 |
||
| 300 | _a17p | ||
| 650 | _aBuilding - Costs - India. | ||
| 700 | _aIndia. Ministry of works & housing. National Buildings Organisation | ||
| 999 |
_c494499 _d494499 |
||